000 00413nam a2200169 4500
001 45841
090 _a45841
100 _a20260313 pory50
101 _apor
102 _aPT
200 _aD H Antologia Policial Dick Haskins
_fRaymond Chandler
210 _cEdições Dêagá
215 _a211, [1] p.
225 _aD H Antologia Policial Dick Haskins
675 _a82-312.4
801 _aPT
_gRPC
990 _cLIVROS